Hello avatar (Record no. 121447)
[ view plain ]
| 000 -LEADER | |
|---|---|
| fixed length control field | 01559nam a2200373 a 4500 |
| 082 04 - DEWEY DECIMAL CLASSIFICATION NUMBER | |
| Classification number | 302.23/1 |
| 100 1# - MAIN ENTRY--AUTHOR NAME | |
| Personal name | Coleman, Beth. |
| 245 10 - TITLE STATEMENT | |
| Title | Hello avatar |
| 260 ## - PUBLICATION, DISTRIBUTION, ETC. (IMPRINT) | |
| Place of publication | Cambridge, Mass. : |
| Name of publisher | MIT Press, |
| Year of publication | c2011. |
| 300 ## - PHYSICAL DESCRIPTION | |
| Number of Pages | xvi, 194 p. |
| 505 0# - FORMATTED CONTENTS NOTE | |
| Formatted contents note | What is an avatar -- More than just another pretty face : the avatar effect -- Interview with the virtual cannibal -- Virtual presence -- X-reality, a conclusion. |
| 650 #0 - SUBJECT ADDED ENTRY--TOPICAL TERM | |
| Topical Term | Virtual reality |
| Topical Term | Reality. |
| Topical Term | Avatars (Virtual reality) |
| Topical Term | Human behavior models. |
| Topical Term | Shared virtual environments. |
| Topical Term | Human-computer interaction. |
| 856 40 - ELECTRONIC LOCATION AND ACCESS | |
| Uniform Resource Identifier | http://site.ebrary.com/lib/rucke/Doc?id=10517479 |
No items available.
